| Tag |
First Indicator |
Second Indicator |
Subfields |
| LEADER |
00000cam a22000001 4500 |
| 001 |
in00000022786 |
| 005 |
20151007064134.0 |
| 008 |
730522s1960 nyua 00000 eng |
| 010 |
|
|
|a 60005257
|
| 035 |
|
|
|a (OCoLC)00637658
|
| 035 |
|
|
|9 AAD9146AM
|
| 040 |
|
|
|a DLC
|c DLC
|d TXA
|d UtOrBLW
|
| 049 |
|
|
|a TXAM
|c [3250295]
|
| 050 |
|
0 |
|a PE1408
|b .H393
|
| 082 |
0 |
|
|a 808.066
|
| 092 |
|
|
|a 808.066
|b H343t
|
| 100 |
1 |
|
|a Harwell, George C.
|
| 245 |
1 |
0 |
|a Technical communication.
|
| 264 |
|
1 |
|a New York :
|b Macmillan,
|c [1960]
|
| 300 |
|
|
|a 332 pages :
|b illustrations ;
|c 22 cm.
|
| 336 |
|
|
|a text
|b txt
|2 rdacontent
|
| 337 |
|
|
|a unmediated
|b n
|2 rdamedia
|
| 338 |
|
|
|a volume
|b nc
|2 rdacarrier
|
| 650 |
|
0 |
|a English language
|x Rhetoric.
|
| 999 |
|
|
|a MARS
|
| 999 |
f |
f |
|s 6efe1103-6e78-301e-83e1-bcb33ee3dac2
|i 49321bcc-fd09-35e6-8a57-a3cad289b8f5
|t 0
|
| 952 |
f |
f |
|p ric
|a Texas A&M University
|b Rellis Campus
|c Joint Library Facility
|s JLF
|d Remote Storage
|t 0
|e PE1408 .H393
|h Library of Congress classification
|i unmediated -- volume
|m A14801195732
|
| 998 |
f |
f |
|a PE1408 .H393
|t 0
|l Remote Storage
|